Olivia Colman Movies by Plot Description - Statistics

General Stats
  • This quiz has been taken 7 times
  • The average score is 6 of 16
Answer Stats
Year Description Movie % Correct
2017 Poirot investigates the murder of an American tycoon aboard a train Murder on the Orient Express
100%
2020 Man refuses all assistance from his daughter as dementia sets in The Father
83%
2018 Georgian England: cousin threatens queen and princess's close bond The Favourite
83%
2011 Elderly Margaret Thatcher struggles to come to terms with her life The Iron Lady
83%
2007 Former London cop investigates series of grisly accidents in a village Hot Fuzz
67%
2023 Chocolate maker sets out to share his delicious gifts with the world Wonka
67%
2024 Paddington travels through the rainforest to find his beloved Aunt Lucy Paddington in Peru
33%
2025 Storm is brewing beneath the façade of a couple's supposed ideal life The Roses
33%
2022 Struggling cinema manager forms relationship with new employee Empire of Light
17%
2013 man receives a call while driving that leads to the unravelling of his life Locke
17%
2015 Single people all go to The Hotel to find a partner, or else The Lobster
17%
2021 Obsession with a young mother forces a woman to confront her past The Lost Daughter
17%
2022 Shod cat has just one life left, so sets out to restore the other eight Puss in Boots: The Last Wish
0%
2021 11-year-old finds that his robot buddy doesn’t work quite right Ron's Gone Wrong
0%
2021 Quirky family's road trip is interrupted by robot apocalypse The Mitchells vs. the Machines
0%
2023 Irish migrant is charged with sending letters full of hilarious profanities Wicked Little Letters
0%
No matching quizzes found
Score Distribution
Percent of People with Each Score
Percentile by Number Answered
Your Score History
You have not taken this quiz